|
|
|
|
| LEADER |
01013nam a2200253 a 4500 |
| 001 |
GR-MES6664 |
| 008 |
000316s nyu 000 0 gre d |
| 020 |
|
|
|a 0029354153
|
| 040 |
|
|
|a GrPaTEI
|b gre
|c GR-PaULI
|
| 040 |
|
|
|a GrPaTEI
|b gre
|c GR-PaULI
|
| 245 |
0 |
0 |
|a Future work :
|b Putting knowledge to work in the knowledge economy /
|c Charles D. Winslow / William L. Bramer.
|
| 260 |
|
|
|a New York :
|b The free Press,
|c 1994
|
| 300 |
|
|
|a 384σελ. :
|b εικ.
|
| 300 |
|
|
|c Ββ
|
| 500 |
|
|
|a Ευρετήριο σελ.:(369-379)
|
| 504 |
|
|
|a Βιβλιογραφία σελ.:(359-368)
|
| 650 |
|
4 |
|a ΒΙΟΜΗΧΑΝΙΚΟ ΜΑΝΑΤΖΜΕΝΤ
|
| 650 |
|
4 |
|a Τεχνολογία
|
| 700 |
0 |
|
|a Bramer, William L.
|
| 700 |
0 |
|
|a Winslow,C.
|
| 942 |
|
|
|2 ddc
|
| 952 |
|
|
|0 0
|1 0
|2 ddc
|4 0
|6 658_403000000000000_WIN
|7 0
|9 277023
|a MSLG
|b MSLG
|c BSC
|d 2021-01-17
|e 24
|f 0
|g 0.00
|l 0
|o 658.403 WIN
|p 2420000015993
|r 2021-01-17 00:00:00
|t 1
|w 2021-01-17
|y BK15
|x 20000316 0 1
|x GrPaTEI
|
| 971 |
|
|
|a .b25851330
|b 15-04-20
|c 14-09-16
|
| 999 |
|
|
|c 160866
|d 160866
|